将棋歴代名人クイズ - Statistics

General Stats
  • This quiz has been taken 32 times
  • The average score is 61 of 83
Answer Stats
年度 名人 % Correct
83 2025 藤井聡太
100%
82 2024 藤井聡太
100%
81 2023 藤井聡太
100%
73 2015 羽生善治
100%
72 2014 羽生善治
100%
68 2010 羽生善治
100%
67 2009 羽生善治
100%
66 2008 羽生善治
100%
61 2003 羽生善治
100%
54 1996 羽生善治
100%
53 1995 羽生善治
100%
52 1994 羽生善治
100%
71 2013 森内俊之
83%
70 2012 森内俊之
83%
69 2011 森内俊之
83%
65 2007 森内俊之
83%
64 2006 森内俊之
83%
63 2005 森内俊之
83%
62 2004 森内俊之
83%
60 2002 森内俊之
83%
40 1982 加藤一二三
83%
80 2022 渡辺明
79%
79 2021 渡辺明
79%
78 2020 渡辺明
79%
76 2018 佐藤天彦
79%
75 2017 佐藤天彦
79%
74 2016 佐藤天彦
79%
55 1997 谷川浩司
79%
47 1989 谷川浩司
79%
46 1988 谷川浩司
79%
42 1984 谷川浩司
79%
41 1983 谷川浩司
79%
30 1971 大山康晴
76%
29 1970 大山康晴
76%
28 1969 大山康晴
76%
27 1968 大山康晴
76%
26 1967 大山康晴
76%
25 1966 大山康晴
76%
24 1965 大山康晴
76%
23 1964 大山康晴
76%
22 1963 大山康晴
76%
21 1962 大山康晴
76%
20 1961 大山康晴
76%
19 1960 大山康晴
76%
18 1959 大山康晴
76%
15 1956 大山康晴
76%
14 1955 大山康晴
76%
13 1954 大山康晴
76%
12 1953 大山康晴
76%
11 1952 大山康晴
76%
50 1992 中原誠
72%
49 1991 中原誠
72%
48 1990 中原誠
72%
45 1987 中原誠
72%
44 1986 中原誠
72%
43 1985 中原誠
72%
39 1981 中原誠
72%
38 1980 中原誠
72%
37 1979 中原誠
72%
36 1978 中原誠
72%
35 1976 中原誠
72%
34 1975 中原誠
72%
33 1974 中原誠
72%
32 1973 中原誠
72%
31 1972 中原誠
72%
77 2019 豊島将之
69%
57 1999 佐藤康光
59%
56 1998 佐藤康光
59%
51 1993 米長邦雄
59%
17 1958 升田幸三
52%
16 1957 升田幸三
52%
59 2001 丸山忠久
48%
58 2000 丸山忠久
48%
10 1951 木村義雄
45%
9 1950 木村義雄
45%
8 1949 木村義雄
45%
5 なし 木村義雄
45%
4 なし 木村義雄
45%
3 1942 木村義雄
45%
2 1940 木村義雄
45%
1 1935~37 木村義雄
45%
7 1948 塚田正夫
21%
6 1947 塚田正夫
21%
No matching quizzes found
Score Distribution
Percent of People with Each Score
Percentile by Number Answered
Your Score History
You have not taken this quiz